000 00838nam a2200229 a 4500
008 130516s2010 ||||||||||||||||| || u
020 _a9780340986011
050 _aRC 456 Hun
100 _aRees, P. John
245 1 0 _a100 cases in psychiatry.
_cby Barry Wright, Subodh Dave and Nisha Dogra.
260 _aLondon:
_bHodder Arnold
_c2010
300 _axi, 265p.:
490 _a100 cases series
500 _aSCHOOL OF MEDICINE
650 _aPSYCHIATRY--HANDBOOKS, MANUALS, ETC
650 _aMENTAL ILLNESS--HANDBOOKS, MANUALS, ETC
650 _aPSYCHOLOGICAL MANIFESTATIONS
700 _aWright, Barry
700 _aDave, Subodh
700 _aDogra, Nisha
995 _FCBU-SCHOOL OF MEDICINE LIBRARY (Ndola)
_M1
_UAVAILABLE
_WMay 21, 2013
_ZMedical Library Open Access Collection
999 _c49
_d49